New Zealand Rugby All Blacks - Captains with winning percentage above 80% - Statistics

General Stats
  • This quiz has been taken 85 times
    19 since last reset
  • The average score is 5 of 11
Answer Stats
Tests as Captain Winning Percentage Player % Correct
110 89.09 Richard McCaw
100%
52 84.61 Kieran Read
89%
21 85.71% Tana Umaga
72%
14 96.42 Wayne Shelford
44%
11 81.81% David Kirk
39%
23 86.95% Reuben Thorne
39%
10 80% Anton Oliver
33%
17 88.23% Andy Dalton
22%
18 83.33% Brian Lochore
22%
15 80% Gary Whetton
22%
6 100% Sam Whitelock
0%
No matching quizzes found
Score Distribution
Percent of People with Each Score
Percentile by Number Answered
Your Score History
You have not taken this quiz since the last reset